Derecho al honor y libertad de expresin̤, asociaciones, familia y herencias cuestiones jurd̕icas actuales. Supuestos concretos y soluciones jurisprudenciales /

Detalles Bibliográficos
Autor principal: Acedo Penco, ǹgel
Formato: Desconocido
Lenguaje:español
Publicado: Madrid : Dykinson, 2007
Materias:
Acceso en línea:Acceso restringido

MARC

LEADER 00000ny a22000003n 4500
003 CaPaEBR
005 20110623172630.0
006 m u
007 cr cn|||||||||
008 200806r20072008sp |||||s|||||||||||spa d
020 |a 9788498490398 
035 |a 2303 
040 |a FlNmELB  |c FlNmELB  |d vlex 
050 1 4 |a KKT2470  |b A173 2007eb 
080 |a 342(460) 
090 |c 1182  |d 1182 
100 1 |a Acedo Penco, ǹgel 
245 1 0 |a Derecho al honor y libertad de expresin̤, asociaciones, familia y herencias  |h [Recurso electrn̤ico]  |b cuestiones jurd̕icas actuales. Supuestos concretos y soluciones jurisprudenciales /  |c ǹgel Acedo Penco 
256 |a Servicio en ln̕ea 
260 |a Madrid :  |b Dykinson,  |c 2007 
300 |a [5]-213 p 
506 1 |a Contenido solo disponible en los productos indicados  |d vLex Global  |d vLex Global (Academic Edition, excluding Law Schools)  |d vLex Global (U.S. Academic Edition, Law Schools)  |d vLex Global (U.S. Academic Edition, excluding Law Schools)  |d vLex Global (Academic Edition, Law Schools) 
650 0 7 |a Derechos humanos  |2 Tesauro vLex 
650 0 7 |a Constitucional  |2 Tesauro vLex 
650 0 7 |a Asociacin̤  |2 Tesauro vLex 
650 0 7 |a Civil  |2 Tesauro vLex 
650 0 7 |a Familia  |2 Tesauro vLex 
650 0 7 |a Herencia  |2 Tesauro vLex 
650 0 7 |a Sucesorio  |2 Tesauro vLex 
650 0 7 |a Derecho al honor  |2 Tesauro vLex 
650 0 7 |a Libertad de expresin̤  |2 Tesauro vLex 
650 0 7 |a Asociaciones  |2 Tesauro vLex 
740 0 |a vLex Libros (Servicios en ln̕ea) 
856 4 0 |z Acceso restringido  |u http://vlex.com/source/2303 
942 |c BOOK